00615nam a22001697a 450000500170000000800410001702000150005808200220007324501160009526000640021130000170027565000150029270000250030794200060033295200940033899900130043220240417065822.0240321b |||||||| |||| 00| 0 eng d a8122004970 222a323.94.bTHE. aThe Third Wave :bGovernance and public Administration in Sri Lanka /cInternational Centre for Ethnic Studies. aColombo ;bInternational Centre for ethnic studies /c1997. axiv, 452 p.  aPolitical. aSomasundram, m.eedt cL 001040708LaWERCLbWERCLd2024-03-21l0o323.94. THE.p6588r2024-03-21w2024-03-21yL c589d589